| 000 | 00515nam a2200193Ia 4500 | ||
|---|---|---|---|
| 999 |
_c1591 _d1591 |
||
| 003 | OSt | ||
| 005 | 20200928112139.0 | ||
| 008 | 190216s9999||||xx |||||||||||||| ||und|| | ||
| 020 | _a8123911351 | ||
| 040 | _coclc | ||
| 082 |
_a574.192 _bSIN/V |
||
| 100 |
_aSingh, S P _91489 |
||
| 245 | 0 |
_aViva In Biochemistry / _cS P Singh |
|
| 250 | _a3rd Ed. | ||
| 260 |
_bCbs Publishers, _aNew Delhi: _c2004. |
||
| 300 | _a268p | ||
| 650 | _aBotany | ||
| 942 |
_cBK _2ddc _h574.192 _iSIN/V _k574.192 _mSIN/V |
||